000 00319nam a2200121Ia 4500
005 20251222143210.0
008 251222s9999||||xx |||||||||||||| ||spa||
082 _a616.891.485/O81
100 _aOsso, Laura
245 0 _aGuía Metodológica para la Intervención en Consumo de Drogas
264 _bDEVIDA
942 _cLIB
999 _c13403
_d13403